000 00918nam a2200241Ia 4500
003 OSt
005 20220923212225.0
006 a|||||r|||| 00| 0
007 ta
008 220922b |||||||| |||| 00| 0 hin d
024 _a151,740
037 _cTextual
040 _aARTS
_cARTS
_bhin
041 _2hin
_ahin
082 _aO,3x, 152M5-;1
100 _aतिवारी, सुरेन्द्र, संपा.
245 0 _aनोबेल पुरस्कार विजेताओं की श्रेष्ठ कहानियां
246 _aNobel puraskār vijetāoan kī shreṣhṭha kahāniyāan
260 _aनयी दिल्ली
_b अभिव्यंजना प्रकाशन
_c1985
300 _a240 पृ.
_ccm.
942 _hO,3x, 152M5-;1
_cTEXL
_2CC
999 _c307413
_d307413